| 000 | 00713cam a2200241 a 4500 | ||
|---|---|---|---|
| 001 | 12004978 | ||
| 005 | 20180307092711.0 | ||
| 008 | 000511s1999 nyua 001 0 eng d | ||
| 010 | _a 00266789 | ||
| 020 | _a007134621X | ||
| 035 | _a(OCoLC)ocm42631657 | ||
| 040 |
_aBGU _cBGU _dDLC |
||
| 041 | _aeng | ||
| 042 | _alccopycat | ||
| 080 | _a005.72 sim | ||
| 082 | 0 | 0 |
_a005.72 sim _221 |
| 100 | 1 | _a36 | |
| 101 | _ashk | ||
| 245 | 1 | 0 |
_aInside XML DTDs / _cSimon St. Laurent, Robert Biggar. |
| 906 |
_a7 _bcbc _ccopycat _d2 _encip _f20 _gy-gencatlg |
||
| 942 |
_2ddc _cBK |
||
| 999 |
_c44347 _d44347 |
||